[Event "FIDE Open"]
[Site "Voronezh"]
[Date "2018.06.15"]
[Round "4.39"]
[White "Zakharov, Denis"]
[Black "Murzina, Agata"]
[Result "1-0"]
[WhiteElo "1928"]
[BlackElo "1632"]
[Annotator ""]
[Source ""]
[Remark ""]

1.Nf3 Nf6 2.g3 g6 3.Bg2 Bg7 4.O-O O-O 5.d3 d6 6.e4 Nbd7 7.Nbd2
c5 8.a4 Qc7 9.a5 Ng4 10.Nc4 e6 11.Bf4 e5 12.Bg5 f6 13.Bd2 f5
14.c3 Ndf6 15.Qb3 Kh8 16.Ng5 h6 17.Nh3 Nh5 18.exf5 gxf5 19.a6
Rb8 20.axb7 Bxb7 21.Rxa7 Bxg2 22.Rxc7 Bxf1 23.Rb7 Rxb7 24.Qxb7
Bxh3 25.f3 Ngf6 26.Nxd6 e4 27.dxe4 fxe4 28.g4 exf3 29.gxh5 f2+
30.Kxf2 Ne4+ 31.Ke3 Nxd6 32.Qd5 Nf5+ 33.Kd3 Bf1+ 34.Kc2 c4 35.b3
Bd3+ 36.Kb2 Rb8 37.b4 Rxb4+ 38.Ka3 Bf8 39.cxb4 Nd6 40.Bc3+ Kh7
41.Qe5 Nf7 42.Qe6 Kg8 43.Ka4 1-0

[Event "FIDE Open"]
[Site "Voronezh"]
[Date "2018.06.15"]
[Round "4.40"]
[White "Kushnarenko, Egor"]
[Black "Leolko, Ludmila"]
[Result "1-0"]
[WhiteElo "1631"]
[BlackElo "1901"]
[Annotator ""]
[Source ""]
[Remark ""]

1.e4 c5 2.Nc3 Nc6 3.f4 g6 4.Nf3 Bg7 5.Bc4 e6 6.O-O Nge7 7.d3
O-O 8.Qe1 a6 9.f5 d5 10.Bb3 b5 11.a3 c4 12.dxc4 bxc4 13.Ba4 Qb6+
14.Kh1 d4 15.Bxc6 Nxc6 16.Nd1 exf5 17.Qh4 Qd8 18.Bg5 f6 19.Bd2
Re8 20.exf5 Bxf5 21.c3 Re4 22.Qg3 Qb8 23.Qf2 Bg4 24.cxd4 Bxf3
25.Qxf3 f5 26.Nf2 Nxd4 27.Qh3 Re2 28.Bc3 Qb6 29.Rac1 Rae8 30.Qh4
Bf6 31.Qf4 Qb8 32.Qxb8 Rxb8 33.Rcd1 Rd8 34.Nh3 Kg7 35.Nf4 Re4
36.g3 Rde8 37.Kg2 Be5 38.Nh3 Nc6 39.Rd7+ Kf6 40.Rd6+ Kg7 41.Rxc6
Bxc3 42.bxc3 Rb8 43.Nf2 Re2 44.Rxc4 Rb3 45.a4 1-0

[Event "FIDE Open"]
[Site "Voronezh"]
[Date "2018.06.15"]
[Round "4.41"]
[White "Kokueva, Alisa"]
[Black "Morgachev, Sergey"]
[Result "1/2-1/2"]
[WhiteElo "1586"]
[BlackElo "1889"]
[Annotator ""]
[Source ""]
[Remark ""]

1.e4 c5 2.Nf3 e6 3.d4 cxd4 4.Nxd4 Nf6 5.Nc3 Bb4 6.e5 Nd5 7.Bd2
Bxc3 8.bxc3 O-O 9.Bd3 d6 10.exd6 Qxd6 11.O-O a6 12.Rb1 Nc6 13.Qh5
g6 14.Qh6 Re8 15.Nxc6 Qxc6 16.c4 Nc7 17.Bc3 e5 18.f4 Qc5+ 19.Kh1
Qf8 20.Qxf8+ Rxf8 21.Bxe5 Ne6 22.Be4 Nc5 23.Bd5 Be6 24.Bxe6 fxe6
25.Bd6 Rfc8 26.Rfe1 Rc6 27.Bxc5 Rxc5 28.Rxb7 Rxc4 29.Rxe6 Rxf4
30.h3 Rf7 31.Ree7 Rxe7 32.Rxe7 Rc8 33.Re2 Rc3 34.Kh2 Kf7 35.h4
Kf6 36.g3 Ra3 37.c4 Rc3 38.Rb2 a5 39.Rb6+ Kf7 40.Rb7+ Kg8 1/2-1/2

[Event "FIDE Open"]
[Site "Voronezh"]
[Date "2018.06.15"]
[Round "4.42"]
[White "Biskup, Stepan"]
[Black "Shestakova, Ekaterina"]
[Result "0-1"]
[WhiteElo "1529"]
[BlackElo "1886"]
[Annotator ""]
[Source ""]
[Remark ""]

1.d4 d5 2.Nf3 Nf6 3.g3 g6 4.Bg2 Bg7 5.O-O O-O 6.c4 c6 7.Nbd2
Bf5 8.b3 Nbd7 9.Bb2 Ne4 10.Rc1 Ndf6 11.e3 Rc8 12.Qe2 Qd6 13.h3
h5 14.Ne5 Nxd2 15.Qxd2 Ne4 16.Qe2 f6 17.Nf3 g5 18.Nd2 Bg6 19.Nxe4
dxe4 20.c5 Qc7 21.Rfd1 Rcd8 22.g4 Qd7 23.b4 hxg4 24.Qxg4 Bf5
25.Qg3 Kf7 26.Kf1 Rh8 27.Ke2 Qe6 28.a3 Bxh3 29.Kd2 Bxg2 30.Qxg2
Rh4 31.Rh1 Rdh8 32.Rxh4 Rxh4 33.Rh1 Rxh1 34.Qxh1 Kg6 35.Qh2 Qc4
36.Qg3 Qf1 37.Qh2 Qb1 38.Bc1 Qd3+ 39.Ke1 Qc3+ 40.Kd1 Qc4 41.Qg3
Qf1+ 42.Kd2 f5 43.Qh2 Bf6 44.Qg3 Qd3+ 45.Ke1 Qc3+ 46.Kd1 e5 47.dxe5
Bxe5 48.Qg1 Qd3+ 49.Bd2 Qb1+ 50.Bc1 Bb2 51.Kd2 Qd3+ 52.Ke1 Bxc1
53.b5 Bd2+ 0-1

[Event "FIDE Open"]
[Site "Voronezh"]
[Date "2018.06.15"]
[Round "4.43"]
[White "Gulko, Oleg"]
[Black "Agibalov, Roman"]
[Result "1/2-1/2"]
[WhiteElo "1883"]
[BlackElo "1655"]
[Annotator ""]
[Source ""]
[Remark ""]

1.d4 d5 2.c4 c6 3.Nc3 Nf6 4.Bf4 g6 5.e3 Bg7 6.Nf3 O-O 7.Qb3 a5
8.Ne5 e6 9.cxd5 Nxd5 10.Nxd5 exd5 11.Be2 a4 12.Qc3 f6 13.Nd3
Nd7 14.O-O Re8 15.Rfc1 Bf8 16.Bd1 a3 17.b4 Nb6 18.Rab1 Nc4 19.b5
Bf5 20.bxc6 bxc6 21.Rb7 Bxd3 22.Qxd3 Qa5 23.Bb3 Qd2 24.Qxd2 Nxd2
25.Rxc6 Nxb3 26.Rxb3 g5 27.Bc7 Rec8 28.Rb7 f5 29.f3 Ra4 30.g3
f4 31.gxf4 gxf4 32.Kf2 Rb4 33.Rxb4 Bxb4 34.Ke2 Ba5 35.Rc5 Bxc7
36.e4 dxe4 37.d5 Rb8 38.Rxc7 Rb2+ 39.Kf1 Rxa2 40.d6 Ra1+ 41.Ke2
exf3+ 42.Kxf3 a2 43.d7 Rd1 44.Ra7 Rxd7 45.Rxa2 Rf7 46.Ra4 Kg7
47.Rxf4 1/2-1/2

[Event "FIDE Open"]
[Site "Voronezh"]
[Date "2018.06.15"]
[Round "4.44"]
[White "Neklyudov, Taras"]
[Black "Ragimli, Deniz"]
[Result "1-0"]
[WhiteElo "1876"]
[BlackElo "1626"]
[Annotator ""]
[Source ""]
[Remark ""]

1.e4 c6 2.d4 d5 3.Nd2 dxe4 4.Nxe4 Qd5 5.Nc3 Qd6 6.Bc4 Nf6 7.Nge2
Bg4 8.f3 Bf5 9.Bf4 Qb4 10.Bb3 e6 11.O-O Be7 12.Qd2 Nbd7 13.a3
Qa5 14.Nd5 Qxd2 15.Nxf6+ Nxf6 16.Bxd2 O-O-O 17.Be3 Nd5 18.Bf2
Rd7 19.Rfd1 Rhd8 20.c4 Nf6 21.Rd2 b6 22.Rad1 Bg6 23.Be3 h6 24.Kf2
Kb7 25.Nf4 Bh7 26.Nd3 Bxd3 27.Rxd3 Bf8 28.Bc2 c5 29.dxc5 Bxc5
30.Bxc5 Rxd3 31.Rxd3 Rxd3 32.Bxd3 bxc5 33.b4 cxb4 34.axb4 Kb6
35.Ke3 a5 36.bxa5+ Kxa5 37.Kd4 Kb4 38.f4 Nd7 39.Be4 Nc5 40.Bc2
f6 41.h4 Nd7 42.Bd1 Nc5 43.g4 g5 44.fxg5 fxg5 45.hxg5 hxg5 46.Be2
Nd7 47.Bf1 Nf6 48.Be2 e5+ 49.Kxe5 Nxg4+ 50.Kd4 Nf6 51.c5 Ne8
52.Bg4 Nc7 53.Bd7 Ka5 54.Ke5 Kb4 55.Kd6 Na6 56.c6 Ka5 57.Bc8
Nb4 58.c7 Kb6 59.Be6 1-0

[Event "FIDE Open"]
[Site "Voronezh"]
[Date "2018.06.15"]
[Round "4.45"]
[White "Shushunov, Aleksei"]
[Black "Vorobiov, Nikolai"]
[Result "1-0"]
[WhiteElo "1429"]
[BlackElo "1873"]
[Annotator ""]
[Source ""]
[Remark ""]

1.e4 g6 2.d4 Bg7 3.f4 d6 4.Nf3 e6 5.Nc3 a6 6.Bc4 Ne7 7.O-O b5
8.Bd3 O-O 9.Be3 Nd7 10.e5 Bb7 11.Ne4 Nf5 12.Bf2 d5 13.Ned2 Rc8
14.b4 Nb6 15.g4 Ne7 16.Bh4 Nc4 17.Qe1 Qe8 18.Bf6 Kh8 19.Qh4 Ng8
20.Rae1 Bxf6 21.exf6 Qd8 22.g5 h5 23.Ne5 Nxe5 24.fxe5 a5 25.Be2
Ne7 26.fxe7 Qxe7 27.Rf3 Qxb4 28.c3 Qe7 29.Rh3 Kg7 30.Qf4 b4 31.Qf6+
Qxf6 32.gxf6+ Kh6 33.cxb4 axb4 34.Nb3 Ra8 35.Ra1 Ra3 36.Rf3 Rfa8
37.Nc1 Rxf3 38.Bxf3 Ra3 39.Kf2 Ba6 40.Rb1 Rc3 41.Ne2 Rc2 42.Rxb4
g5 43.h3 Rxa2 44.Rb8 g4 45.hxg4 hxg4 46.Bxg4 Bd3 47.Ke3 Bg6 48.Kf4
Kh7 49.Rc8 Rc2 50.Ke3 Rc4 51.Re8 c5 52.dxc5 Rxc5 53.Bf3 Rc4 54.Rd8
Kh6 55.Nf4 Rc3+ 56.Kf2 Rc7 57.Nxg6 Kxg6 58.Bg4 Kg5 59.Kg3 Rc3+
60.Bf3 Kf5 61.Rd7 Kxe5 62.Rxf7 Kf5 63.Rf8 e5 64.f7 Kf6 65.Re8
Kxf7 66.Rxe5 Kf6 67.Rxd5 Ke6 68.Rh5 Kf6 69.Kf4 Kg6 70.Rg5+ Kf6
71.Be4 Rc4 72.Rg6+ Kf7 73.Rd6 Rc5 74.Bd5+ Kg7 75.Kg5 Rc1 76.Rd7+
Kf8 77.Be6 Rg1+ 78.Kf6 Rf1+ 79.Bf5 Ke8 80.Rc7 Rd1 81.Rc8+ Rd8
82.Rc7 Rd6+ 83.Be6 Rd2 84.Ke5 Re2+ 85.Kd6 Rd2+ 86.Bd5 Kf8 87.Rf7+
Ke8 88.Rg7 Kf8 89.Rg8# 1-0

[Event "FIDE Open"]
[Site "Voronezh"]
[Date "2018.06.15"]
[Round "4.46"]
[White "Pak, Nikita"]
[Black "Zhapova, Yana"]
[Result "1/2-1/2"]
[WhiteElo "1870"]
[BlackElo "1597"]
[Annotator ""]
[Source ""]
[Remark ""]

1.e4 c6 2.d4 d5 3.Nd2 dxe4 4.Nxe4 Nf6 5.Ng3 c5 6.N1e2 Nc6 7.Be3
cxd4 8.Nxd4 Bd7 9.Nb3 e6 10.Qd2 Rc8 11.Be2 Be7 12.Nc5 b6 13.Nxd7
Qxd7 14.Qxd7+ Nxd7 15.O-O-O Bc5 16.Ne4 Bxe3+ 17.fxe3 Ke7 18.Nd6
Rcd8 19.Bb5 Nde5 20.Ne4 Rxd1+ 21.Rxd1 Rd8 22.Rxd8 Nxd8 23.h3
Nb7 24.b3 Nd6 25.Nc3 Kf6 26.Be2 Kg5 27.g3 f5 28.Kd2 Kf6 29.Bf1
g5 30.Bg2 h5 31.a4 h4 32.gxh4 gxh4 33.Nb5 Nxb5 34.axb5 Nf7 35.c4
Ke5 36.Kd3 Kd6 37.b4 Ng5 38.Kd4 e5+ 39.Kd3 Ne6 40.Bd5 Nc7 41.Bf7
Ke7 42.Bg8 a6 43.Bh7 Kf6 44.c5 axb5 45.cxb6 Nd5 46.e4 Nxb6 47.Bxf5
Na8 48.Bd7 Nc7 49.Ke3 Kg5 50.Bc8 Ne8 51.Kf3 Nc7 52.Ke3 Ne8 53.Bd7
Nc7 54.Bc6 Kf6 1/2-1/2

[Event "FIDE Open"]
[Site "Voronezh"]
[Date "2018.06.15"]
[Round "4.47"]
[White "Popov, Maksim"]
[Black "Ismailov, Samir"]
[Result "1/2-1/2"]
[WhiteElo "1831"]
[BlackElo "1507"]
[Annotator ""]
[Source ""]
[Remark ""]

1.e4 e6 2.d4 d5 3.e5 c5 4.Qg4 Qc7 5.Nf3 cxd4 6.Bd3 Nc6 7.Qg3
Bd7 8.O-O Nb4 9.Nxd4 Nxd3 10.cxd3 Ne7 11.Nc3 Ng6 12.Re1 Bc5 13.Nb3
h5 14.d4 Be7 15.h3 O-O-O 16.Bd2 Kb8 17.Qd3 Nh4 18.Nb5 Bxb5 19.Qxb5
Qd7 20.Qd3 Nf5 21.Nc5 Bxc5 22.dxc5 Qa4 23.b4 g5 24.g3 g4 25.h4
Rd7 26.Rab1 Rc8 27.Rb3 Qxa2 28.Rc1 Nd4 29.Ra3 Nf3+ 30.Qxf3 Qxd2
31.Qd1 Qxd1+ 32.Rxd1 a6 33.f3 Rg8 34.c6 bxc6 35.Rxa6 Rb7 36.Rda1
Kc7 37.Rc1 Rb6 38.Ra7+ Rb7 39.Rxb7+ Kxb7 40.Rf1 Kb6 41.Kg2 gxf3+
42.Rxf3 Rg7 43.Rf4 Kb5 44.Kf3 c5 45.bxc5 Kxc5 46.g4 hxg4+ 47.Rxg4
Rh7 48.Rf4 d4 49.Ke2 Kd5 50.Kd3 Kxe5 51.Rxd4 f5 52.Ke3 Kf6 53.Ra4
Ke5 54.Ra5+ Kf6 1/2-1/2

[Event "FIDE Open"]
[Site "Voronezh"]
[Date "2018.06.15"]
[Round "4.48"]
[White "Anisimov, V."]
[Black "Yudin, Sergei"]
[Result "1-0"]
[WhiteElo "2011"]
[BlackElo "1699"]
[Annotator ""]
[Source ""]
[Remark ""]

1.d4 Nf6 2.Bg5 e6 3.Nf3 d5 4.e3 Be7 5.Nbd2 Nbd7 6.Bd3 O-O 7.c3
c5 8.Rc1 Qb6 9.Qc2 Re8 10.b3 Nf8 11.Ne5 h6 12.Bh4 N6d7 13.Bxe7
Nxe5 14.Bxc5 Nxd3+ 15.Qxd3 Qa5 16.O-O Bd7 17.Rfe1 Qc7 18.f4 b6
19.Bxf8 Rxf8 20.Nf3 a5 21.c4 Rfc8 22.c5 Qa7 23.Ne5 bxc5 24.dxc5
f6 25.Nxd7 Qxd7 26.Rc3 Rc7 27.Qd4 Re8 28.Rd1 Rd8 29.a3 Qc6 30.b4
Qa4 31.Rb1 Qb5 32.Qd3 Rb8 33.Qxb5 Rxb5 34.Kf2 Kf7 35.Ke2 g6 36.Kd3
e5 37.fxe5 fxe5 38.e4 Ke6 39.exd5+ Kxd5 40.Ke3 Rc6 41.Rd1+ Ke6
42.Rc4 axb4 43.axb4 Kf5 44.g4+ Kg5 45.Ke4 Rb8 46.Rd7 Rf6 47.Kxe5
Re8+ 48.Kd5 Re1 49.c6 Rd1+ 50.Kc5 1-0

[Event "FIDE Open"]
[Site "Voronezh"]
[Date "2018.06.15"]
[Round "4.49"]
[White "Krekoten, Vladimir"]
[Black "Kasantsev, Anatolij B."]
[Result "0-1"]
[WhiteElo "1718"]
[BlackElo "1962"]
[Annotator ""]
[Source ""]
[Remark ""]

1.e4 c5 2.Nc3 Nc6 3.Nf3 e6 4.d4 cxd4 5.Nxd4 Qc7 6.Be2 a6 7.a4
Nf6 8.O-O Bb4 9.f3 Nxd4 10.Qxd4 Bc5 0-1

[Event "FIDE Open"]
[Site "Voronezh"]
[Date "2018.06.15"]
[Round "4.50"]
[White "Shoshin, Kirill"]
[Black "Lysenko, Olesya"]
[Result "1/2-1/2"]
[WhiteElo "1938"]
[BlackElo "1697"]
[Annotator ""]
[Source ""]
[Remark ""]

1.d4 Nf6 2.c4 g6 3.Nc3 Bg7 4.e4 d6 5.Be2 O-O 6.Bg5 h6 7.Be3 e5
8.d5 c6 9.g4 cxd5 10.cxd5 Qa5 11.f3 h5 12.g5 Ne8 13.a3 f5 14.h4
Qd8 15.Rc1 Bd7 16.Qb3 b6 17.Nh3 f4 18.Bg1 Nc7 19.Nf2 Nba6 20.Qc2
b5 21.a4 bxa4 22.Nd3 Nb5 23.Qxa4 Nxc3 24.Qxa6 Nxe2 25.Kxe2 Qb8
26.Rc3 Bb5 27.Qa3 Bxd3+ 28.Rxd3 Rc8 29.Kd2 Qb5 30.Bf2 Rab8 31.Rb1
Rc7 32.Qxd6 Rbc8 33.Rc3 Rxc3 34.bxc3 Qxb1 35.Qe6+ Kh7 36.Qxc8
a5 37.d6 Qb2+ 38.Ke1 Qc1+ 39.Ke2 Qc2+ 40.Kf1 Qd1+ 41.Kg2 Qxd6
42.c4 a4 43.c5 Qd2 44.Qa6 Qc2 45.Qa5 Qc4 46.Qa8 Qc2 47.c6 a3
48.Qxa3 Qxc6 1/2-1/2

[Event "FIDE Open"]
[Site "Voronezh"]
[Date "2018.06.15"]
[Round "4.51"]
[White "Mikheeva, Galina"]
[Black "Lupolov, Boris"]
[Result "0-1"]
[WhiteElo "1716"]
[BlackElo "1925"]
[Annotator ""]
[Source ""]
[Remark ""]

1.e4 c6 2.d4 d5 3.e5 c5 4.dxc5 e6 5.Be3 Nd7 6.Bb5 Qc7 7.Qd4 Ne7
8.Qc3 Nc6 9.f4 d4 10.Bxd4 Nxd4 11.Qxd4 Bxc5 12.Qc3 Qb6 13.Ne2
a6 14.Bxd7+ Bxd7 15.Qb3 Bc6 16.Qxb6 Bxb6 17.h4 Bxg2 18.Rh2 Be4
19.c3 Rd8 20.Nd2 Bd3 21.Rh3 Ke7 22.Nb3 Rd7 23.Rd1 Rhd8 24.Nbc1
Bc2 25.Rxd7+ Rxd7 26.Nd4 Bxd4 27.cxd4 Rxd4 28.Rc3 Rd1+ 29.Ke2
Rxc1 30.Kd2 Rh1 31.Kxc2 Kd7 32.Rd3+ Kc7 33.Rc3+ Kb8 34.Rf3 Rxh4
35.f5 Rh5 36.fxe6 fxe6 37.Rf8+ Ka7 38.Rf7 Rxe5 0-1

[Event "FIDE Open"]
[Site "Voronezh"]
[Date "2018.06.15"]
[Round "4.52"]
[White "Gerasko, Viacheslav"]
[Black "Ryumshin, Vladislav"]
[Result "0-1"]
[WhiteElo "1862"]
[BlackElo "1697"]
[Annotator ""]
[Source ""]
[Remark ""]

1.c4 e5 2.Nc3 d6 3.g3 Nc6 4.Bg2 Bd7 5.Nf3 Be7 6.Nd5 Nf6 7.Nxe7
Qxe7 8.d3 h6 9.e4 Bg4 10.h3 Bxf3 11.Bxf3 Nd4 12.Bg2 c5 13.Be3
Nd7 14.O-O O-O 15.Kh2 Rab8 16.f4 exf4 17.gxf4 Nc6 18.Qd2 f5 19.Rad1
Nb6 20.b3 Rbe8 21.Rde1 fxe4 22.Bxe4 Qf6 23.Rg1 Nd4 24.Qf2 Nf5
25.Bc1 Qf7 26.Rg4 Kh8 27.Reg1 Rg8 28.a4 d5 29.cxd5 Nxd5 30.Qxc5
Nde7 31.b4 b6 32.Qe5 Ref8 33.a5 Rc8 34.R4g2 Nh4 35.Rf2 Nef5 36.Bd5
Qh5 37.Bxg8 Rc2 38.Rxc2 Nf3+ 39.Kg2 Nxe5 40.fxe5 Kxg8 41.axb6
axb6 42.Rf2 Nh4+ 43.Kg3 Qxe5+ 44.Kxh4 Qd4+ 45.Kg3 Qxd3+ 46.Kg2
Qe4+ 47.Kh2 Qe5+ 48.Bf4 Qd4 49.Rgg2 Kh7 50.Bd2 Qe5+ 51.Kh1 Qa1+
52.Rg1 Qd4 53.Rfg2 Qd5 54.Bc3 Qf3 55.Kh2 Qxc3 56.Rxg7+ Qxg7 57.Rxg7+
Kxg7 58.b5 Kf6 59.Kg3 Kg6 60.h4 Kf5 61.Kf3 h5 62.Ke3 Kg4 63.Ke4
Kxh4 64.Kf4 Kh3 65.Kg5 h4 0-1

[Event "FIDE Open"]
[Site "Voronezh"]
[Date "2018.06.15"]
[Round "4.53"]
[White "Voronin, Yaroslav"]
[Black "Klevets, Ksenia"]
[Result "1/2-1/2"]
[WhiteElo "1684"]
[BlackElo "1844"]
[Annotator ""]
[Source ""]
[Remark ""]

1.Nf3 d5 2.b3 Nf6 3.Bb2 g6 4.c4 c6 5.e3 Bg7 6.Be2 O-O 7.O-O Bg4
8.h3 Bxf3 9.Bxf3 Nbd7 10.d3 e5 11.Nc3 e4 12.dxe4 Nxe4 13.Qc2
Nxc3 14.Bxc3 Bxc3 15.Qxc3 dxc4 16.Qxc4 Ne5 17.Qf4 Nxf3+ 18.Qxf3
Qa5 19.Rfd1 Rad8 20.Qe2 Rfe8 21.Rac1 a6 22.g3 Rxd1+ 23.Rxd1 Rd8
24.Qg4 Rxd1+ 25.Qxd1 Qc7 26.Qd4 c5 27.Qe4 Kg7 28.a4 b5 29.axb5
axb5 30.Qd3 c4 31.Qc3+ Kg8 32.Kf1 Qc5 33.bxc4 bxc4 34.h4 Qb5
35.Ke2 Qa4 36.Kd2 Qa2+ 37.Qc2 Qa5+ 38.Ke2 Qb4 39.Qd2 Qb3 40.Qd8+
Kg7 41.Qd4+ Kg8 42.Qd5 Qc2+ 43.Qd2 Qb3 44.Qd5 Qc2+ 1/2-1/2

[Event "FIDE Open"]
[Site "Voronezh"]
[Date "2018.06.15"]
[Round "4.54"]
[White "Volovich, Evgeny"]
[Black "Yaurov, Egor"]
[Result "0-1"]
[WhiteElo "1617"]
[BlackElo "1825"]
[Annotator ""]
[Source ""]
[Remark ""]

1.e4 c6 2.Nf3 d5 3.Nc3 Nf6 4.e5 Ne4 5.d4 Nxc3 6.bxc3 e6 7.Bd3
Nd7 8.O-O Qc7 9.Ng5 Be7 10.Nxh7 g6 11.Ng5 Nf8 12.h3 Rh5 13.Nxf7
Kxf7 14.Bxg6+ Kxg6 15.Qg4+ Bg5 16.f4 Qh7 17.fxg5 Bd7 18.Rf6+
Kg7 19.Ba3 Ng6 20.Raf1 Be8 21.Bf8+ Nxf8 22.Rxf8 Qg6 23.h4 Qe4
24.Qxe6 Qe3+ 25.R8f2 Rxh4 26.Qf6+ Kg8 27.Qf8+ Kh7 28.Qe7+ Kg6
29.Qf6+ Kh5 30.Qf3+ Qxf3 31.Rxf3 Bg6 32.Re1 Kxg5 33.Rg3+ Rg4
34.Rf3 Rf4 35.Kf2 Be4 36.Rxf4 Kxf4 37.Rg1 Bxc2 38.g3+ Kg4 39.Ke3
Rf8 40.Kd2 Be4 0-1

[Event "FIDE Open"]
[Site "Voronezh"]
[Date "2018.06.15"]
[Round "4.55"]
[White "Polukhin, Alexander"]
[Black "Titov, Oleg"]
[Result "1/2-1/2"]
[WhiteElo "1809"]
[BlackElo "1695"]
[Annotator ""]
[Source ""]
[Remark ""]

1.Nf3 d5 2.d4 Nf6 3.Bf4 e6 4.e3 c5 5.c3 c4 6.Nbd2 Bd6 7.Bg3 Bxg3
8.hxg3 b5 9.Ne5 Bd7 10.g4 Nc6 11.Ndf3 Ne4 12.Be2 f6 13.Ng6 Rg8
14.Rxh7 Qc7 15.Nd2 Kf7 16.Nf4 Rh8 17.Rh5 g5 18.Nh3 Rxh5 19.gxh5
Qh2 20.Bf1 Nxd2 21.Kxd2 Qd6 22.Qc2 Rg8 23.Be2 e5 24.Rh1 e4 25.Qd1
f5 26.Ng1 g4 27.Bf1 f4 28.Ne2 f3 29.gxf3 gxf3 30.Nf4 Ne7 31.Bh3
Bf5 32.Bxf5 Nxf5 33.Rg1 Ne7 34.Rxg8 Kxg8 35.Qg1+ Kf7 36.Qg5 Qf6
37.Qg4 a6 38.Qh3 Kg7 39.Qg4+ Kf7 40.Ng6 Nxg6 41.hxg6+ Qxg6 42.Qd7+
Kf8 43.Qxd5 Qg1 44.Qd6+ Kf7 45.Qf4+ Ke7 46.Qxe4+ Kd7 47.Qb7+
Kd8 48.Qxf3 Qb1 49.Qd1 Qxb2+ 50.Qc2 Qa3 51.e4 Qe7 52.f4 Qh4 53.f5
Qf4+ 54.Ke1 Qe3+ 55.Kf1 Qf3+ 56.Kg1 Qg3+ 57.Kf1 Qf3+ 58.Ke1 Qe3+
59.Kd1 Qg1+ 60.Kd2 Qg5+ 1/2-1/2

[Event "FIDE Open"]
[Site "Voronezh"]
[Date "2018.06.15"]
[Round "4.56"]
[White "Makarov, Anton"]
[Black "Shcherbinin, Nikolay"]
[Result "1/2-1/2"]
[WhiteElo "1787"]
[BlackElo "1671"]
[Annotator ""]
[Source ""]
[Remark ""]

1.d4 Nf6 2.c4 c5 3.d5 e6 4.Nc3 exd5 5.cxd5 d6 6.e4 g6 7.h3 Bg7
8.Nf3 O-O 9.Bd3 b5 10.Nxb5 Nxe4 11.Bxe4 Re8 12.O-O Rxe4 13.Re1
Rxe1+ 14.Qxe1 Bb7 15.Qe4 Qd7 16.Nc3 Na6 17.Bf4 Nb4 18.Rd1 Re8
19.Qc4 Bxc3 20.Qxc3 Nxd5 21.Qc4 Nxf4 22.Qxf4 Rd8 23.Ne5 Qe6 24.Ng4
h5 25.Qg5 Rc8 26.Nf6+ Kf8 27.Qh6+ Ke7 28.Qg5 Kf8 29.Qh6+ Ke7
30.Qg5 Kf8 31.Qh6+ Ke7 32.Qg5 Kf8 33.Qh6+ Ke7 34.Qg5 Kf8 35.Qh6+
Ke7 1/2-1/2

[Event "FIDE Open"]
[Site "Voronezh"]
[Date "2018.06.15"]
[Round "4.57"]
[White "Moshkin, Mikhail"]
[Black "Tatarintsev, Mikhail"]
[Result "1-0"]
[WhiteElo "1766"]
[BlackElo "1681"]
[Annotator ""]
[Source ""]
[Remark ""]

1.e4 c5 2.c3 Nf6 3.e5 Nd5 4.d4 cxd4 5.cxd4 d6 6.exd6 e6 7.Nc3
Bxd6 8.Nf3 Nc6 9.Bc4 Nb6 10.Bb3 O-O 11.O-O Nd5 12.Bc2 Ncb4 13.Be4
Nf6 14.Bg5 Be7 15.Bb1 Nfd5 16.Bd2 Nf6 17.a3 Nbd5 18.Bg5 Nxc3
19.bxc3 Nd5 20.Qd3 g6 21.Bh6 Re8 22.Ne5 Bf8 23.Bxf8 Rxf8 24.Qg3
Qf6 25.Be4 Rd8 26.Rab1 Qe7 27.a4 Qc7 28.Rfc1 Rb8 29.Nc6 Qxc6
30.Qxb8 Qxa4 31.Bxd5 exd5 32.Ra1 Qb3 33.Qxa7 Rf8 34.Qc5 Be6 35.Qb4
Qxb4 36.cxb4 Bd7 37.Rc5 Be6 38.Rc7 Rb8 39.Ra7 Bc8 40.Ra5 Be6
41.Ra7 Bc8 42.h3 Kg7 43.Rc5 Be6 44.Rb5 b6 45.Ra6 Rc8 46.Rbxb6
Rc4 47.Ra7 Kf6 48.Kf1 Rxd4 49.Ke2 Ke5 50.Ra3 Rc4 51.Re3+ Kf5
52.Kd3 h5 1-0

[Event "FIDE Open"]
[Site "Voronezh"]
[Date "2018.06.15"]
[Round "4.58"]
[White "Badtrutdinova, Darya"]
[Black "Poltavets, Ivan"]
[Result "0-1"]
[WhiteElo "1604"]
[BlackElo "1765"]
[Annotator ""]
[Source ""]
[Remark ""]

1.d4 d5 2.Nf3 e6 3.e3 c5 4.b3 cxd4 5.exd4 Nf6 6.Bd3 Nc6 7.O-O
Bd6 8.Bb2 O-O 9.a3 a5 10.Ne5 Qc7 11.f4 Ne4 12.Nd2 f6 13.Nxc6
Qxc6 14.Qe2 f5 15.a4 Qc7 16.g3 Bd7 17.Nf3 Rac8 18.Ba3 Nc3 19.Qg2
Bxa3 20.Rxa3 b5 21.Ne5 bxa4 22.Nxd7 Qxd7 23.bxa4 Qd6 24.Rfa1
Qb4 25.Qf2 Rc7 26.Qe1 Qxd4+ 27.Kh1 Kf7 28.Qd2 Rb8 29.Re1 Rb4
30.Re5 Nb1 0-1

[Event "FIDE Open"]
[Site "Voronezh"]
[Date "2018.06.15"]
[Round "4.59"]
[White "Maraktanov, Andrey"]
[Black "Popov, Denis"]
[Result "1/2-1/2"]
[WhiteElo "1763"]
[BlackElo "1642"]
[Annotator ""]
[Source ""]
[Remark ""]

1.d4 e6 2.Nf3 f5 3.c4 Bb4+ 4.Bd2 Be7 5.Nc3 Nf6 6.d5 exd5 7.cxd5
c6 8.Bf4 d6 9.e3 O-O 10.Be2 Kh8 11.O-O Ne4 12.Nxe4 fxe4 13.Nd2
cxd5 14.Qb3 Qa5 15.Rfd1 Nd7 16.Nb1 Nb6 17.Nc3 Bd7 18.Bb5 Bc6
19.a4 a6 20.Bf1 Rfd8 21.Qa3 Nc4 22.Bxc4 dxc4 23.Bxd6 Bxd6 24.Rxd6
Rxd6 25.Qxd6 Qb6 26.Rd1 h6 27.Rd2 Qa5 28.h3 Re8 29.Rd4 Bxa4 30.Rd5
Bb5 31.Qg6 Qa1+ 32.Kh2 Bc6 33.Rd6 Rf8 34.Qh5 Rxf2 35.Nxe4 Rf8
36.Rxh6+ gxh6 37.Qxh6+ Kg8 38.Qg6+ Kh8 39.Qh6+ Kg8 40.Qg6+ Kh8 1/2-1/2

[Event "FIDE Open"]
[Site "Voronezh"]
[Date "2018.06.15"]
[Round "4.60"]
[White "Kuritsina, Zlata"]
[Black "Astakhov, Alexander"]
[Result "0-1"]
[WhiteElo "1508"]
[BlackElo "1762"]
[Annotator ""]
[Source ""]
[Remark ""]

1.e4 Nf6 2.e5 Nd5 3.d4 d6 4.c4 Nb6 5.exd6 exd6 6.Nc3 Be7 7.Nf3
Bg4 8.Be2 O-O 9.O-O Re8 10.Qc2 Bf6 11.Be3 Nc6 12.b3 g6 13.Rad1
Qe7 14.Rfe1 a6 15.h3 Bxf3 16.Bxf3 Qf8 17.Qd2 Rad8 18.Bh6 Bg7
19.Bxg7 Qxg7 20.Kf1 f5 21.Rxe8+ Rxe8 22.Bxc6 bxc6 23.d5 c5 24.Ne2
Nd7 25.Nf4 Nf8 26.g3 Re4 27.Re1 Qe5 28.Rxe4 Qxe4 29.Qe2 Qh1# 0-1

[Event "FIDE Open"]
[Site "Voronezh"]
[Date "2018.06.15"]
[Round "4.61"]
[White "Khanin, Alexandr"]
[Black "Pokasova, Irina"]
[Result "1-0"]
[WhiteElo "1744"]
[BlackElo "1311"]
[Annotator ""]
[Source ""]
[Remark ""]

1.e4 c6 2.d4 d5 3.exd5 cxd5 4.Bd3 Nc6 5.c3 Nf6 6.h3 e6 7.Bf4
Bd6 8.Qd2 Bxf4 9.Qxf4 a6 10.Nd2 b5 11.a3 Na5 12.Ngf3 Bb7 13.O-O
O-O 14.Rab1 Rc8 15.Nh2 Qc7 16.Qh4 h6 17.Ndf3 Nc4 18.Rfe1 Rfd8
19.Ng4 Nxg4 20.hxg4 Qf4 21.Re2 a5 22.Qh5 Qf6 23.g5 hxg5 24.Nxg5
Ba6 25.g3 Rd7 26.Nh7 Qd8 27.Kg2 Rc6 28.Rh1 f5 29.Ng5 Kf8 30.Bxc4
dxc4 31.Qh8+ Ke7 32.Qxg7+ Kd6 33.Qe5+ Ke7 34.Rh7+ Ke8 35.Qh8# 1-0

[Event "FIDE Open"]
[Site "Voronezh"]
[Date "2018.06.15"]
[Round "4.62"]
[White "Sushkov, Mikhail"]
[Black "Pogorelov, Aleksey"]
[Result "1-0"]
[WhiteElo "1727"]
[BlackElo "1569"]
[Annotator ""]
[Source ""]
[Remark ""]

1.e4 c5 2.Nf3 d6 3.d4 cxd4 4.Nxd4 Nf6 5.Nc3 g6 6.Be3 Bg7 7.f3
Nc6 8.Qd2 Bd7 9.Be2 Qc7 10.O-O-O a6 11.g4 O-O-O 12.h4 h5 13.g5
Nh7 14.Nd5 Qa5 15.Nxe7+ Kc7 16.Nb5+ axb5 17.Qxd6# 1-0

[Event "FIDE Open"]
[Site "Voronezh"]
[Date "2018.06.15"]
[Round "4.63"]
[White "Kuzmin, Vitaly"]
[Black "Vasiljev, Ilya"]
[Result "1/2-1/2"]
[WhiteElo "1738"]
[BlackElo "1816"]
[Annotator ""]
[Source ""]
[Remark ""]

1.d4 e6 2.Nf3 Nf6 3.Bf4 b6 4.h3 Bb7 5.e3 Be7 6.Be2 O-O 7.O-O
Ne4 8.Nbd2 f5 9.c4 d6 10.Nxe4 fxe4 11.Nd2 Nd7 12.Qc2 Nf6 13.Rac1
Qe8 14.a3 h6 15.Qb3 g5 16.Bh2 Qg6 17.c5 Bd5 18.Bc4 bxc5 19.dxc5
dxc5 20.Bxc7 Rac8 21.Be5 Qf5 22.Bh2 g4 23.hxg4 Nxg4 24.Bg3 Rfd8
25.f3 exf3 26.Rxf3 Qg6 27.e4 Bxc4 28.Nxc4 Bf6 29.e5 Be7 30.Nd6
Rb8 31.Qc2 Qxc2 32.Rxc2 Bxd6 33.exd6 e5 34.Rd3 Rb6 35.Rxc5 Rbxd6
36.Rxd6 Rxd6 37.Rc8+ Kg7 38.Rc5 Kg8 39.Rc8+ Kg7 40.Rc5 Kg8 1/2-1/2

[Event "FIDE Open"]
[Site "Voronezh"]
[Date "2018.06.15"]
[Round "4.64"]
[White "Rubtsov, Victor"]
[Black "Tatarinova, Elena"]
[Result "1-0"]
[WhiteElo "1735"]
[BlackElo "1797"]
[Annotator ""]
[Source ""]
[Remark ""]

1.d4 Nf6 2.Bg5 g6 3.Bxf6 exf6 4.Nf3 Bg7 5.e3 O-O 6.Bd3 d5 7.O-O
c5 8.dxc5 Qa5 9.Nbd2 Qxc5 10.Nb3 Qd6 11.Nbd4 a6 12.c3 Nc6 13.h3
Ne5 14.Bc2 Bd7 15.Bb3 Nc4 16.Qc2 f5 17.Rad1 Qf6 18.Ne2 Bc6 19.Nf4
Rfd8 20.Qe2 Bh6 21.Nd4 1-0

[Event "FIDE Open"]
[Site "Voronezh"]
[Date "2018.06.15"]
[Round "4.65"]
[White "Stepanenko, Kirill"]
[Black "Denisenko, Dmitry"]
[Result "1/2-1/2"]
[WhiteElo "1784"]
[BlackElo "1703"]
[Annotator ""]
[Source ""]
[Remark ""]

1.e4 c5 2.Nc3 e6 3.f4 Nc6 4.Nf3 d5 5.Bb5 d4 6.Bxc6+ bxc6 7.Na4
Nf6 8.O-O Ba6 9.Re1 Be7 10.b3 O-O 11.d3 Nd7 12.Ba3 Bb5 13.Qd2
Bxa4 14.bxa4 a5 15.c3 Nb6 16.cxd4 cxd4 17.Bxe7 Qxe7 18.Nxd4 Qc5
19.Qe3 Rfd8 20.Nb3 Qxe3+ 21.Rxe3 Nxa4 22.d4 Rac8 23.Rc1 h6 24.Re2
Rd7 25.Rec2 c5 26.dxc5 Rdc7 27.Nxa5 Rxc5 28.Rxc5 Rxc5 29.Rxc5
Nxc5 30.e5 f6 31.exf6 gxf6 32.Nb3 Na4 33.Kf2 Kf7 34.Kf3 Kg6 35.g4
h5 36.Nd4 hxg4+ 37.Kxg4 e5 38.fxe5 fxe5 39.Ne2 Nb2 40.h4 e4 41.h5+
Kh6 42.Ng3 e3 43.Nf5+ Kh7 44.Nxe3 Na4 45.Kg5 Nc3 46.Ng4 Nxa2
47.Nf6+ Kh8 48.h6 Nb4 49.Kg6 Nc6 50.Ng4 Ne7+ 51.Kh5 Nf5 1/2-1/2